Statistics for North America flags - Map Quiz.

Click here to take the quiz!

General Stats

  • This quiz has been taken 1,443 times
  • The average score is 15 of 23

Answers on the Map

Answers color-coded by a green-red scale on the quiz's map according to % correct below.
 

Answer Stats

Answer% Correct
98%
94%
93%
78%
77%
73%
70%
67%
66%
66%
66%
65%
65%
64%
61%
60%
57%
50%
50%
49%
46%
45%
44%

Score Distribution

Percentile by Number Answered

Percent of People with Each Score

Your Score History

You have not taken this quiz